Quick Pick: 'A' Cities Quiz Stats

 Plays Quiz Updated Feb 14, 2018

Challenge
Share
Tweet
Embed
Score 0/16 Timer 01:30
2 Plays Today
% Correct
Turkey
92.7%
New Zealand
91.2%
France
85%
United States
83.8%
Germany
79.1%
Ethiopia
78.6%
Japan
74.7%
Spain
73.8%
% Correct
Denmark
66.2%
Australia
64.1%
Yemen
58.7%
Egypt
57.6%
Russia
53.8%
India
53.2%
Nigeria
53.2%
El Salvador
42.3%

Today's Daily Dose

You're not logged in!

Compare scores with friends on all Sporcle quizzes.
Join for Free
OR
Log In

You Might Also Like...

Show Comments

Extras

Top Quizzes Today


Score Distribution

Your Account Isn't Verified!

In order to create a playlist on Sporcle, you need to verify the email address you used during registration. Go to your Sporcle Settings to finish the process.

Report this User

Report this user for behavior that violates our Community Guidelines.

Details: